000
00339nam a2200145Ia 4500
005
20251222143318.0
008
251222s9999||||xx |||||||||||||| ||spa||
020
_a
84-239-6539-2
082
_a
306/L726
100
_a
Llano Cifuentes, Alejandro
245
0
_a
La Nueva Sensibilidad
250
_a
2a.ed.
264
_b
Espasa
942
_c
LIB
999
_c
15993
_d
15993